Využívanie ekonomických zákonov socializmu pri tvorbe obsahu, štruktúry a mechanizmu realizácie hospodárskej politiky priebežná oponentúra IX-2-2/10

Saved in:
Bibliographic Details
Format: Book
Language:Slovak
Published: Bratislava VŠE 1987
Tags: Add Tag
No Tags, Be the first to tag this record!

MARC

LEADER 00000nam a2200000 4500
001 c032575
005 20260325125358.5
041 0 |a slo 
044 |a SK 
245 1 0 |a Využívanie ekonomických zákonov socializmu pri tvorbe obsahu, štruktúry a mechanizmu realizácie hospodárskej politiky  |b priebežná oponentúra IX-2-2/10 
264 1 |a Bratislava  |b VŠE  |c 1987 
300 |a 102 s.